000 00667nam a2200241Ia 4500
003 OSt
005 20221005131039.0
006 a|||||r|||| 00| 0
007 ta
008 221004b |||||||| |||| 00| 0 eng d
024 _a62012
037 _cTextual
040 _aCRL
_cCRL
_beng
041 _2eng
_aeng
082 _aV2:73:D, J9
100 _aRama Rao M
_955835
245 0 _aSelect Satavahana coins in the Government Museum Madras.
260 _c1959
490 _aBulletin of the Madras government museum new series-general section, V7
650 _aHISTORY
942 _hV2:73:D, J9
_cTEXL
_2cc
999 _c1059184
_d1059184